Los Pueblos en la ciudad / por Jaime Buesa
Publicado:
San Jorge, suplement del núm. 23 (juliol 1956), pàg 14 - 15 :
Materias:
Municipis -- Barcelona (Provincia)
MARC
| LEADER | 00000nam a2200000Ia 4500 | ||
|---|---|---|---|
| 001 | |||
| 008 | 160829s9999 xx 000 0 cat d | ||
| 100 | |a Buesa, Jaime |9 22554 | ||
| 245 | |a Los Pueblos en la ciudad / por Jaime Buesa | ||
| 260 | |a San Jorge, suplement del núm. 23 (juliol 1956), pàg 14 - 15 | ||
| 590 | |a Existeix un duplicat al volum Separates amb R. 17658. | ||
| 650 | |a Municipis |x Barcelona (Provincia) |9 41310 | ||
| 901 | |a Arxiu | ||
| 942 | |n 1 | ||
| 952 | |0 0 |1 0 |4 0 |7 1 |9 50935 |a Arxiu |b Arxiu |d 2016-12-01 |l 0 |r 2016-12-01 00:00:00 |w 2016-12-01 |y ARXIU | ||
| 999 | |c 54778 |d 54778 | ||